<?xml version="1.0" encoding="UTF-8"?>
<record
    xmlns:xsi="http://www.w3.org/2001/XMLSchema-instance"
    xsi:schemaLocation="http://www.loc.gov/MARC21/slim http://www.loc.gov/standards/marcxml/schema/MARC21slim.xsd"
    xmlns="http://www.loc.gov/MARC21/slim">

  <leader>00655nam a2200229Ia 4500</leader>
  <controlfield tag="008">181129s9999    xx            000 0 und d</controlfield>
  <datafield tag="020" ind1=" " ind2=" ">
    <subfield code="a">9781782404613</subfield>
  </datafield>
  <datafield tag="050" ind1=" " ind2=" ">
    <subfield code="a">510</subfield>
  </datafield>
  <datafield tag="050" ind1=" " ind2=" ">
    <subfield code="b">R674 2017</subfield>
  </datafield>
  <datafield tag="100" ind1=" " ind2=" ">
    <subfield code="a">Rooney, Anne</subfield>
  </datafield>
  <datafield tag="245" ind1=" " ind2="0">
    <subfield code="a">Maths in 30 seconds :</subfield>
  </datafield>
  <datafield tag="245" ind1=" " ind2="0">
    <subfield code="b">30 fascinating topics for maths masterminds explained in half a minute /</subfield>
  </datafield>
  <datafield tag="245" ind1=" " ind2="0">
    <subfield code="c">by Anne Rooney ; illustrated by Putri Febriana ; cunsultant by Dr. Katie Steckles.</subfield>
  </datafield>
  <datafield tag="260" ind1=" " ind2=" ">
    <subfield code="a">London, England :</subfield>
  </datafield>
  <datafield tag="260" ind1=" " ind2=" ">
    <subfield code="b">Ivy Kids,</subfield>
  </datafield>
  <datafield tag="260" ind1=" " ind2=" ">
    <subfield code="c">2017</subfield>
  </datafield>
  <datafield tag="300" ind1=" " ind2=" ">
    <subfield code="a">96 pages :</subfield>
  </datafield>
  <datafield tag="300" ind1=" " ind2=" ">
    <subfield code="b">illustrations ;</subfield>
  </datafield>
  <datafield tag="300" ind1=" " ind2=" ">
    <subfield code="c">23cm.</subfield>
  </datafield>
  <datafield tag="650" ind1=" " ind2=" ">
    <subfield code="a">Mathematics.</subfield>
  </datafield>
  <datafield tag="700" ind1=" " ind2=" ">
    <subfield code="a">Title.</subfield>
  </datafield>
  <datafield tag="999" ind1=" " ind2=" ">
    <subfield code="c">360175</subfield>
    <subfield code="d">360175</subfield>
  </datafield>
  <datafield tag="952" ind1=" " ind2=" ">
    <subfield code="0">0</subfield>
    <subfield code="1">0</subfield>
    <subfield code="4">0</subfield>
    <subfield code="a">SSISM</subfield>
    <subfield code="b">SSISM</subfield>
    <subfield code="c">SSISM</subfield>
    <subfield code="d">2018-11-29</subfield>
    <subfield code="l">0</subfield>
    <subfield code="o">NF 510 R674 2017 </subfield>
    <subfield code="p">SSISM5969</subfield>
    <subfield code="r">2018-11-29 00:00:00</subfield>
    <subfield code="w">2018-11-29</subfield>
    <subfield code="y">BK</subfield>
  </datafield>
</record>
